Australian Army Ranks - Statistics

General Stats
  • This quiz has been taken 117 times
  • The average score is 16 of 24
Answer Stats
Hint Answer % Correct
PVT Private
100%
CPL Corporal
97%
SGT Sergeant
97%
GEN General
88%
LCPL Lance Corporal
88%
MAJ Major
88%
CPT Captain
85%
COL Colonel
85%
LT Lieutenant
85%
MAJGEN Major General
85%
LTCOL Lieutenant Colonel
81%
2LT Second Lieutenant
81%
BRIG Brigadier
79%
LTGEN Lieutenant General
78%
SSGT Staff Sergeant
78%
O-CDT Officer Cadet
52%
FM Field Marshal
49%
RSM-A Regimental Sergeant Major of the Army
37%
CA Chief of Army
36%
WO1 Warrant Officer Class One
36%
WO2 Warrant Officer Class Two
36%
DCA Deputy Chief of Army
34%
CDF Chief of the Defence Force
27%
VCDF Vice Chief of the Defence Force
27%
No matching quizzes found
Score Distribution
Percent of People with Each Score
Percentile by Number Answered
Your Score History
You have not taken this quiz